Intracardiac echocardiography for visualization of the Eustachian valve during radiofrequency ablation of typical atrial flutter

Elmentve itt :
Bibliográfiai részletek
Szerzők: Bencsik Gábor
Pap Róbert
Sághy László
Dokumentumtípus: Cikk
Megjelent: 2009
Sorozat:EUROPACE 11 No. 7
doi:10.1093/europace/eup123

mtmt:1857368
Online Access:http://publicatio.bibl.u-szeged.hu/18262
LEADER 00803nab a2200217 i 4500
001 publ18262
005 20200219112914.0
008 200219s2009 hu o 0|| zxx d
022 |a 1099-5129 
024 7 |a 10.1093/europace/eup123  |2 doi 
024 7 |a 1857368  |2 mtmt 
040 |a SZTE Publicatio Repozitórium  |b hun 
041 |a zxx 
100 1 |a Bencsik Gábor 
245 1 0 |a Intracardiac echocardiography for visualization of the Eustachian valve during radiofrequency ablation of typical atrial flutter  |h [elektronikus dokumentum] /  |c  Bencsik Gábor 
260 |c 2009 
300 |a 901-901 
490 0 |a EUROPACE  |v 11 No. 7 
700 0 1 |a Pap Róbert  |e aut 
700 0 1 |a Sághy László  |e aut 
856 4 0 |u http://publicatio.bibl.u-szeged.hu/18262/1/2009_Intracardiac_echocardiography_Europace.pdf  |z Dokumentum-elérés